| 000 | 00344cam a22001217a 4500 | ||
|---|---|---|---|
| 008 | 180718b2002 xxu||||| |||| 00| 0 eng d | ||
| 020 | _a81 87830 | ||
| 082 | _aD71x54 K11 | ||
| 100 | _aBhasin, Kamla | ||
| 245 |
_aAman kee talash main insaniyat kee aawaje _cedited by Kamla Bhasin...[et.al.] |
||
| 260 |
_aDe4lhi _bLokayan _c2002 |
||
| 300 | _a155p. | ||
| 999 |
_c439834 _d439834 |
||